<?xml version="1.0" encoding="UTF-8"?>
<marc:record xmlns:marc="http://www.loc.gov/MARC21/slim">
   <marc:leader>00000nam a2200000 a 4500</marc:leader>
   <marc:datafield ind1="1" ind2=" " tag="100">
      <marc:subfield code="a">Carey, Björn</marc:subfield>
      <marc:subfield code="4">edt</marc:subfield>
      <marc:subfield code="e">Bearbeiter/-in</marc:subfield>
   </marc:datafield>
   <marc:datafield ind1=" " ind2=" " tag="653">
      <marc:subfield code="a">Naturwissenschaften</marc:subfield>
   </marc:datafield>
   <marc:datafield ind1=" " ind2=" " tag="653">
      <marc:subfield code="a">Softcover / Sachbücher/Natur</marc:subfield>
   </marc:datafield>
   <marc:datafield ind1=" " ind2=" " tag="653">
      <marc:subfield code="a">Technik/Naturwissenschaft</marc:subfield>
   </marc:datafield>
   <marc:datafield ind1=" " ind2=" " tag="653">
      <marc:subfield code="a">Beispielsammlung</marc:subfield>
   </marc:datafield>
   <marc:datafield ind1="0" ind2="0" tag="245">
      <marc:subfield code="a">Was Wale singen und wie Sterne klingen</marc:subfield>
   </marc:datafield>
   <marc:datafield ind1="0" ind2="0" tag="245">
      <marc:subfield code="b">299 verrückte Fragen von Top-Experten beantwortet</marc:subfield>
   </marc:datafield>
   <marc:datafield ind1="0" ind2="0" tag="245">
      <marc:subfield code="c">hrsg. von Björn Carey. Übers.: Barbara Knesl ; Veronika Knesl</marc:subfield>
   </marc:datafield>
   <marc:datafield ind1=" " ind2="1" tag="264">
      <marc:subfield code="a">Hamburg</marc:subfield>
      <marc:subfield code="b">Moewig</marc:subfield>
      <marc:subfield code="c">2012</marc:subfield>
   </marc:datafield>
   <marc:datafield ind1="1" ind2=" " tag="490">
      <marc:subfield code="a">Popular science</marc:subfield>
   </marc:datafield>
   <marc:datafield ind1="1" ind2=" " tag="520">
      <marc:subfield code="a">Angaben aus der Verlagsmeldung

Was Wale singen und wie Sterne klingen / von Bjorn Carey

Neugier zu wecken und Wissen mit Spaß und innovativen Ansätzen zu vermitteln ist das Erfolgsprinzip des Weldon-Owen-Verlages. Nach dem großen Erfolg der »So geht das!«-Reihe bringt Moewig mit »Was Wale singen und wie Sterne klingen« einen neuen Titel, der diesem Konzept folgt. 299 teils verrückte Fragen werden von Top-Experten wissenschaftlich fundiert beantwortet.Mithilfe von Fragestellungen die »Funktioniert mein Auto auf dem Mond?« über »Welches Geräusch machen Sterne?« bis »Kann ein Mensch nur von Katzenfutter leben?« wird Wissen federleicht vermittelt. 250 Abbildungen helfen, das neu hinzugewonnene Wissen noch besser im Kopf zu verankern.
</marc:subfield>
   </marc:datafield>
   <marc:datafield ind1=" " ind2=" " tag="020">
      <marc:subfield code="a">9783868035117</marc:subfield>
      <marc:subfield code="9">9783868035117</marc:subfield>
   </marc:datafield>
   <marc:datafield ind1=" " ind2=" " tag="041">
      <marc:subfield code="a">ger</marc:subfield>
   </marc:datafield>
   <marc:datafield ind1=" " ind2=" " tag="300">
      <marc:subfield code="a">229 S.</marc:subfield>
   </marc:datafield>
</marc:record>
